<?xml version="1.0" encoding="UTF-8"?><?xml-stylesheet type="text/xsl" href="static/style.xsl"?><OAI-PMH xmlns="http://www.openarchives.org/OAI/2.0/" xmlns:xsi="http://www.w3.org/2001/XMLSchema-instance" xsi:schemaLocation="http://www.openarchives.org/OAI/2.0/ http://www.openarchives.org/OAI/2.0/OAI-PMH.xsd"><responseDate>2026-04-17T06:48:21Z</responseDate><request verb="GetRecord" identifier="oai:www.recercat.cat:2445/126961" metadataPrefix="marc">https://recercat.cat/oai/request</request><GetRecord><record><header><identifier>oai:recercat.cat:2445/126961</identifier><datestamp>2025-12-04T21:19:05Z</datestamp><setSpec>com_2072_1057</setSpec><setSpec>col_2072_478859</setSpec><setSpec>col_2072_478917</setSpec></header><metadata><record xmlns="http://www.loc.gov/MARC21/slim" xmlns:dcterms="http://purl.org/dc/terms/" xmlns:xsi="http://www.w3.org/2001/XMLSchema-instance" xmlns:doc="http://www.lyncode.com/xoai" xsi:schemaLocation="http://www.loc.gov/MARC21/slim http://www.loc.gov/standards/marcxml/schema/MARC21slim.xsd">
   <leader>00925njm 22002777a 4500</leader>
   <datafield ind2=" " ind1=" " tag="042">
      <subfield code="a">dc</subfield>
   </datafield>
   <datafield ind2=" " ind1=" " tag="720">
      <subfield code="a">Gómez-Fernández, Nerea</subfield>
      <subfield code="e">author</subfield>
   </datafield>
   <datafield ind2=" " ind1=" " tag="720">
      <subfield code="a">Mediavilla, Mauro</subfield>
      <subfield code="e">author</subfield>
   </datafield>
   <datafield ind2=" " ind1=" " tag="260">
      <subfield code="c">2018-12-14T08:46:16Z</subfield>
   </datafield>
   <datafield ind2=" " ind1=" " tag="260">
      <subfield code="c">2018-12-14T08:46:16Z</subfield>
   </datafield>
   <datafield ind2=" " ind1=" " tag="260">
      <subfield code="c">2018</subfield>
   </datafield>
   <datafield ind2=" " ind1=" " tag="520">
      <subfield code="a">With the world becoming increasingly digitalized, determining the relationship between the use of ICT in the learning process and educational outcomes takes on special relevance for guiding educational policy decisions in a reasoned way. The objective of this study is to evaluate the effect on academic performance of the use and availability of Information and Communication Technologies (ICT) at school and at home. For this purpose, we apply a hierarchical lineal regression model approach with data from the Programme for International Student assessment survey (PISA) 2015. PISA 2015 contains a brief but specific questionnaire for ICT that is completed voluntarily in some of the countries participating in the survey, as is the case in Spain. The results show differences in the sign of the impact according to the ICT variable used. The positive impact of ICT use is associated with its use for entertainment at home and with the students’ interest in ICT. However, the use of ICT for schoolwork at home and the general use of ICT by students in schools have negative effects on the learning process. Another significant result is the magnitude of the coefficient for the relation between the starting age for using ICT on the scores in the three competences. The higher the age, the lower the score achieved. The results of the regressions by tertiles of performance show that ICT can also play an important role in improving the academic performance of the students with the worst results. Finally, some control variables related to students, home and location are also relevant in our models.</subfield>
   </datafield>
   <datafield ind2=" " ind1=" " tag="520">
      <subfield code="a">Programme for International Student Assessment</subfield>
   </datafield>
   <datafield tag="653" ind2=" " ind1=" ">
      <subfield code="a">Tecnologia de la informació</subfield>
   </datafield>
   <datafield tag="653" ind2=" " ind1=" ">
      <subfield code="a">Avaluació formativa</subfield>
   </datafield>
   <datafield tag="653" ind2=" " ind1=" ">
      <subfield code="a">Information technology</subfield>
   </datafield>
   <datafield tag="653" ind2=" " ind1=" ">
      <subfield code="a">Formative evaluation</subfield>
   </datafield>
   <datafield ind2="0" ind1="0" tag="245">
      <subfield code="a">Do information and communication technologies (ICT) improve educational outcomes? Evidence for Spain in PISA 2015</subfield>
   </datafield>
</record></metadata></record></GetRecord></OAI-PMH>